| 000 | 00481nam a2200181Ia 4500 | ||
|---|---|---|---|
| 999 |
_c41406 _d41406 |
||
| 001 | 8068 | ||
| 003 | GE_BSU | ||
| 005 | 20200117161650.0 | ||
| 008 | 181216s2012||||tu |||||||||||||| ||tur|| | ||
| 040 | _cGE_BSU | ||
| 041 | _atur | ||
| 080 | _a811.513.161 T-95 | ||
| 245 |
_aYeni HITIT Çalıhşma Kitabi B2-C1 : _bYabancilar için Türkçe / _cN.Engin UZUN. |
||
| 264 |
_aAnkara, _c2012. |
||
| 300 |
_a77 p.; _b30 cm. |
||
| 653 | _aთურქული ენა | ||
| 942 |
_cBK _2udc |
||